[Event "Bergamo op"]
[Site "Bergamo"]
[Date "2007.11.09"]
[Round "5"]
[White "Gozzini, Giambattista"]
[Black "Di Mauro, Valerio"]
[Result "1-0"]
[WhiteElo "1887"]
[BlackElo "1637"]
[PlyCount "73"]
[EventDate "2007.10.05"]
[EventType "swiss"]
[EventRounds "7"]
[EventCountry "ITA"]
[SourceTitle "EXT 2009"]
[Source "ChessBase"]
[SourceDate "2008.11.26"]
[SourceVersion "1"]
[SourceVersionDate "2008.11.26"]
[SourceQuality "1"]

1. e4 d5 2. exd5 Qxd5 3. Nc3 Qa5 4. d4 c6 5. Bd3 Nf6 6. Nf3 Bg4 7. 0-0 e6 8. Qe2 Qc7 9. Qe3 Bd6 10. h3 Bxf3 11. Qxf3 Nbd7 12. Re1 0-0-0 13. Ne4 Nxe4 14. Bxe4 Nf6 15. c3 Nxe4 16. Qxe4 Rde8 17. Be3 f5 18. Qd3 f4 19. Bd2 g5 20. c4 Qf7 21. Rac1 g4 22. hxg4 Rhg8 23. Qh3 Rg5 24. d5 e5 25. dxc6 b6 26. Qf3 Reg8 27. Qd3 Kc7 28. c5 Bxc5 29. Rxc5 Rxg4 30. Rcxe5 Rxg2+ 31. Kf1 Rg1+ 32. Ke2 Rxe1+ 33. Bxe1 Rd8 34. Qe4 f3+ 35. Ke3 Qg8 36. Re7+ Kb8 37. c7+ 1-0

[Event "Bergamo Province-ch"]
[Site "Bergamo"]
[Date "2006.10.27"]
[Round "4"]
[White "Di Mauro, Valerio"]
[Black "Salvetti, Carlo"]
[Result "1-0"]
[WhiteElo "1586"]
[BlackElo "1377"]
[PlyCount "101"]
[EventDate "2006.10.06"]
[EventType "swiss"]
[EventRounds "9"]
[EventCountry "ITA"]
[SourceTitle "EXT 2011"]
[Source "ChessBase"]
[SourceDate "2010.11.26"]
[SourceVersion "1"]
[SourceVersionDate "2010.11.26"]
[SourceQuality "1"]

1. e4 c6 2. d4 d5 3. f3 dxe4 4. fxe4 e5 5. Nf3 Bg4 6. Bc4 Qxd4 7. Qxd4 exd4 8. 0-0 Bc5 9. Kh1 Nf6 10. Ng5 Bh5 11. Nxf7 Bxf7 12. Bxf7+ Ke7 13. e5 Kxf7 14. exf6 gxf6 15. Nd2 Nd7 16. Ne4 Rae8 17. Nxc5 Nxc5 18. Bf4 Ne6 19. Be5 Rhf8 20. Rxf6+ Kg8 21. Rxf8+ Rxf8 22. Kg1 c5 23. Rd1 Rd8 24. g3 c4 25. Kf2 Rd5 26. Bf4 b5 27. Kf3 d3 28. cxd3 cxd3 29. Ke4 Nxf4 30. gxf4 Rh5 31. Rd2 Rh3 32. Ke5 Re3+ 33. Kd4 Rh3 34. Rxd3 Rxh2 35. Rb3 a6 36. Kc5 Rh6 37. Rd3 Rf6 38. Rf3 Kg7 39. Kd5 Rg6 40. b4 Kf6 41. Ke4 Rg4 42. Ra3 Kg7 43. Rxa6 h5 44. Kf3 Rg1 45. Ra5 h4 46. Rxb5 Kg6 47. Rg5+ Rxg5 48. fxg5 Kxg5 49. b5 h3 50. Kg3 Kf5 51. b6 1-0

[Event "Bergamo Province-ch"]
[Site "Bergamo"]
[Date "2006.10.06"]
[Round "1"]
[White "Valsecchi, Alessio"]
[Black "Di Mauro, Valerio"]
[Result "1-0"]
[WhiteElo "2030"]
[BlackElo "1586"]
[PlyCount "45"]
[EventDate "2006.10.06"]
[EventType "swiss"]
[EventRounds "9"]
[EventCountry "ITA"]
[SourceTitle "EXT 2011"]
[Source "ChessBase"]
[SourceDate "2010.11.26"]
[SourceVersion "1"]
[SourceVersionDate "2010.11.26"]
[SourceQuality "1"]

1. e4 d5 2. exd5 Qxd5 3. Nc3 Qa5 4. d4 Nf6 5. Bc4 Bf5 6. Bd2 Qb6 7. Nf3 e6 8. 0-0 c6 9. Qe2 Be7 10. Rfe1 0-0 11. Na4 Qc7 12. Nc5 Bxc5 13. dxc5 Nbd7 14. Bc3 Nd5 15. Bxd5 cxd5 16. b4 b6 17. Nd4 bxc5 18. Nxf5 exf5 19. Rad1 Rfe8 20. Qxe8+ Rxe8 21. Rxe8+ Nf8 22. Rxd5 h6 23. Rdd8 1-0

[Event "Bergamo Province-ch"]
[Site "Bergamo"]
[Date "2005.11.11"]
[Round "6"]
[White "Di Mauro, Valerio"]
[Black "Ranfagni, Stefano"]
[Result "0-1"]
[WhiteElo "1526"]
[BlackElo "1981"]
[PlyCount "56"]
[EventDate "2005.10.07"]
[EventType "swiss"]
[EventRounds "8"]
[EventCountry "ITA"]
[SourceTitle "EXT 2023"]
[Source "ChessBase"]
[SourceDate "2022.10.05"]
[SourceVersion "1"]
[SourceVersionDate "2022.10.05"]
[SourceQuality "1"]

1. e4 e6 2. d4 d5 3. Nc3 dxe4 4. Nxe4 Nd7 5. Nf3 Ngf6 6. Nxf6+ Nxf6 7. Bd3 c5 8. dxc5 Bxc5 9. Bg5 h6 10. Bxf6 Qxf6 11. Bb5+ Ke7 12. c3 Rd8 13. Qe2 a6 14. Bd3 Bd7 15. a4 Bc6 16. Be4 Bxe4 17. Qxe4 Rd7 18. 0-0 Rad8 19. Qe2 g5 20. Rad1 Rxd1 21. Rxd1 Rxd1+ 22. Qxd1 g4 23. Nd4 e5 24. Qe2 Kf8 25. Nc2 h5 26. Ne3 Qf4 27. b4 Ba7 28. Qc4 Bxe3 0-1

[Event "Lombardia-ch"]
[Site "Monza"]
[Date "2005.05.22"]
[Round "6"]
[White "Vignoli, Ernesto"]
[Black "Di Mauro, Valerio"]
[Result "0-1"]
[WhiteElo "1287"]
[BlackElo "1586"]
[PlyCount "55"]
[EventDate "2005.05.14"]
[EventType "swiss"]
[EventRounds "6"]
[EventCountry "ITA"]
[SourceTitle "EXT 2007"]
[Source "ChessBase"]
[SourceDate "2006.11.23"]
[SourceVersion "1"]
[SourceVersionDate "2006.11.23"]
[SourceQuality "1"]

1. e4 e5 2. f4 exf4 3. Nf3 d6 4. d4 Bg4 5. Bxf4 Be7 6. g3 a6 7. Qd3 Nc6 8. a3 Bxf3 9. Qxf3 Nxd4 10. Qd3 Ne6 11. Bd2 Nf6 12. Bh3 Nc5 13. Qe3 Ncxe4 14. Bc3 0-0 15. Bxf6 Bxf6 16. Qb3 Re8 17. 0-0 Ng5 18. Bg4 Bd4+ 19. Kh1 Qe7 20. Nd2 Ne4 21. Nxe4 Qxe4+ 22. Bf3 Qg6 23. Bd5 Re7 24. Rxf7 Rxf7 25. Qxb7 Raf8 26. Qxc7 Kh8 27. Bxf7 Qxf7 28. Qxd6 0-1

[Event "Bergamo Province-ch"]
[Site "Bergamo"]
[Date "2004.10.08"]
[Round "1"]
[White "Riggio, Mauro"]
[Black "Di Mauro, Valerio"]
[Result "1-0"]
[WhiteElo "1829"]
[BlackElo "1565"]
[PlyCount "51"]
[EventDate "2004.10.08"]
[EventType "swiss"]
[EventRounds "8"]
[EventCountry "ITA"]
[SourceTitle "EXT 2023"]
[Source "ChessBase"]
[SourceDate "2022.10.05"]
[SourceVersion "1"]
[SourceVersionDate "2022.10.05"]
[SourceQuality "1"]

1. e4 c6 2. d4 d5 3. exd5 cxd5 4. Bd3 Nc6 5. c3 Nf6 6. Nf3 Bg4 7. Nbd2 e6 8. 0-0 Bd6 9. Re1 0-0 10. Qc2 Bf4 11. Ne5 Qc7 12. Nxg4 Nxg4 13. Bxh7+ Kh8 14. g3 f5 15. Nf3 Bxc1 16. Qxc1 Qf7 17. Qf4 Qh5 18. Rxe6 Qxh7 19. Nh4 Rf6 20. Rae1 Rg8 21. Qg5 Nd8 22. Ng6+ Qxg6 23. Qxg6 Rxg6 24. Rxg6 Nf6 25. Re7 Kh7 26. Rxf6 1-0

[Event "Bergamo Province-ch"]
[Site "Bergamo"]
[Date "2003.10.24"]
[Round "3"]
[White "Di Mauro, Valerio"]
[Black "Cattaneo, Dario"]
[Result "1-0"]
[WhiteElo "1494"]
[BlackElo "1393"]
[PlyCount "65"]
[EventDate "2003.10.10"]
[EventType "swiss"]
[EventRounds "8"]
[EventCountry "ITA"]
[SourceTitle "EXT 2023"]
[Source "ChessBase"]
[SourceDate "2022.10.05"]
[SourceVersion "1"]
[SourceVersionDate "2022.10.05"]
[SourceQuality "1"]

1. e4 e6 2. d4 d5 3. e5 c5 4. c3 cxd4 5. cxd4 Bb4+ 6. Nc3 Ne7 7. Bd3 Ng6 8. Nf3 b6 9. Qa4+ Nc6 10. Bb5 Bxc3+ 11. bxc3 Nge7 12. Bxc6+ Nxc6 13. Qxc6+ Bd7 14. Qd6 Rc8 15. Bg5 f6 16. exf6 gxf6 17. Bd2 Rc6 18. Qg3 Kf7 19. 0-0 Rg8 20. Qf4 Ke7 21. Qh6 e5 22. dxe5 Kf7 23. Qxh7+ Rg7 24. Qh5+ Rg6 25. Nd4 Rc4 26. e6+ Bxe6 27. Nxe6 Qd7 28. Rfe1 Rcg4 29. Qh7+ Rg7 30. Nxg7 Rxg7 31. Qh5+ Kg8 32. Re3 Kf8 33. Rae1 1-0

[Event "Bergamo Province-ch"]
[Site "Bergamo"]
[Date "2003.10.17"]
[Round "2"]
[White "Gerali, Paolo"]
[Black "Di Mauro, Valerio"]
[Result "1/2-1/2"]
[WhiteElo "1500"]
[BlackElo "1494"]
[PlyCount "83"]
[EventDate "2003.10.10"]
[EventType "swiss"]
[EventRounds "8"]
[EventCountry "ITA"]
[SourceTitle "EXT 2023"]
[Source "ChessBase"]
[SourceDate "2022.10.05"]
[SourceVersion "1"]
[SourceVersionDate "2022.10.05"]
[SourceQuality "1"]

1. d4 Nf6 2. c4 c5 3. d5 b5 4. cxb5 a6 5. bxa6 Bxa6 6. Nc3 g6 7. e4 Bxf1 8. Kxf1 d6 9. g3 Bg7 10. Nf3 0-0 11. Kg2 Nbd7 12. Re1 Ng4 13. Qc2 Qb6 14. h3 Nge5 15. Nxe5 Nxe5 16. Re2 c4 17. Be3 Qb7 18. Bd4 Nd3 19. Bxg7 Kxg7 20. Nd1 f6 21. Qxc4 Ne5 22. Qc2 Rfc8 23. Nc3 Ra5 24. a4 Nc4 25. Qb1 Qa6 26. b4 Rb8 27. Rea2 Rc5 28. Nb5 Rcc8 29. Nd4 Qb6 30. b5 Qxd4 31. a5 Nd2 32. Qd1 Qxe4+ 33. f3 Qxd5 34. Rxd2 Qxb5 35. a6 Ra8 36. a7 Rc7 37. Rda2 Qd7 38. Qd4 e5 39. Qd2 Rcxa7 40. Rxa7 Rxa7 41. Rxa7 Qxa7 42. Qxd6 1/2-1/2